000 00347pab a2200133 454500
008 180718b xxu||||| |||| 00| 0 eng d
100 _aKumar, Ashutosh
245 _aMarx and Engels on India
650 _a Marx, Karl
650 _a Engels, Friendrich
650 _aVillages - India
773 _aIndian Journal of Political Science
909 _a23962
999 _c23962
_d23962